Investment in Outside Options as Opportunistic Behavior: an Experimental Investigation

Saved in:
Bibliographic Details
Main Author: Morita, Hodaka
Corporate Author: SSRN
Other Authors: Servátka, Maroš, 1976-
Format: Book
Language:English
Published: Rochester 2018
Edition:1st edition
Subjects:
Tags: Add Tag
No Tags, Be the first to tag this record!

MARC

LEADER 00000nam a2200000 4500
001 0246639
005 20240502083658.5
041 0 |a eng 
044 |a US 
245 1 0 |a Investment in Outside Options as Opportunistic Behavior: an Experimental Investigation  |c Hodaka Morita, Maroš Servátka 
250 |a 1st edition 
264 1 |a Rochester  |c 2018 
300 |a 40 s. [30 NS] 
610 2 0 |a investovanie 
610 2 0 |a investície 
610 2 0 |a opcie 
100 1 |a Morita, Hodaka 
700 1 |a Servátka, Maroš, 1976- 
710 2 |a SSRN